00293pab a2200133 454500008004000000100001600040245002600056260000900082300001300091362000800104650001300112650002200125773001200147180718b2005 xxu||||| |||| 00| 0 eng d aSingh, Renu aThe Montessori method c2005 ap.38-44. aFeb aEducaton aPrimary education aSeminar